| 000 | 00972cam a2200313Ma 4500 | ||
|---|---|---|---|
| 001 | 83733 | ||
| 005 | 20230410105217.0 | ||
| 008 | 020607s1991 mx 000 0 spa d | ||
| 035 | _a(OCoLC)ocn263935029 | ||
| 040 |
_aCUD _cCUD |
||
| 020 | _a9688952559 | ||
| 020 | _a9789688952559 | ||
| 035 | _a(OCoLC)263935029 | ||
| 050 | 1 | 4 | _aD974m 1991 |
| 100 | 1 |
_aDussel, Enrique D., _d1934- |
|
| 245 | 1 | 0 |
_aMétodo para una filosofía de la liberación : _bsuperación analéctica de la dialéctica hegeliana / _cEnrique D. Dussel. |
| 250 | _a3a ed. | ||
| 260 |
_aJalisco : _bEditorial Universidad de Guadalajara, _c1991. |
||
| 300 |
_a281p ; _c23cm. |
||
| 490 | 0 | _aFin de milenio. Pensamiento y utopâia | |
| 500 | _aPrevious ed.: 1974. | ||
| 600 | 1 | 0 |
_aHegel, Georg Wilhelm Friedrich, _d1770-1831 _xInfluence. |
| 650 | 0 | _aDialectic. | |
| 650 | 0 | _aPhilosophy, Marxist. | |
| 650 | 0 |
_aPhilosophy _xHistory. |
|
| 942 |
_2lcc _cbk |
||
| 994 |
_aC0 _bDRFGD |
||
| 946 | _anc | ||
| 999 |
_c32150 _d32150 |
||